| 000 | 00504nam a2200169 a 4500 | ||
|---|---|---|---|
| 005 | 20210219154332.0 | ||
| 008 | 030317s1996 mx r 000 0 spa d | ||
| 035 | _aUPN01000123057 | ||
| 049 | _aAV | ||
| 099 | _aPOR ADQUIRIR | ||
| 245 | 0 | 4 | _aIdeas y eventos que cambiaron el mundo |
| 260 |
_aBarcelona, Esp. : _bDidaco, _c[1996]. |
||
| 300 | _a2 CD-ROM | ||
| 505 | 8 |
_aContenido: _g[v.1] _tIdeas que cambiaron el mundo. _g[v.2] _tEventos que cambiaron el mundo. |
|
| 902 | _a/mema | ||
| 905 | _aElectrónico | ||
| 999 |
_c95238 _d95238 |
||